南通市地图 Nantong Map Quiz - Statistics

General Stats
  • This quiz has been taken 39 times
  • The average score is 6 of 7
Answers on the Map
Answers color-coded by a green-red scale on the quiz's map according to % correct below.
 
Answer Stats
Answer % Correct
启东市
97%
如皋市
95%
海门区
92%
如东县
92%
通州区
90%
海安市
82%
崇川区
77%
No matching quizzes found
Score Distribution
Percent of People with Each Score
Percentile by Number Answered
Your Score History
You have not taken this quiz